00387nam a22001457a 4500003000400000008004100004020001800045082001200063100001600075245005100091250001100142260002900153300000800182650005100190OSt230915b |||||||| |||| 00| 0 eng d a9789350147467 a170 SOU aSORYAN,Ritu aUniversal Human Values and Professional Ethics a1st Ed aNew DelhibKatsonsc2022 a300 aUniversal Human Values and Professional Ethics